000 00748nas a2200241 4500
001 BR0001311
003 BR-BrBNA
005 20231205101732.0
007 ta
008 230509b bl.|||p| |||| 00| 00por d
040 _aBR-BrBNA
_bpor
_cBiblioteca Nacional de Agricultura
041 _a(Pt)
072 _aP10; F06
100 1 _aMatos, J. de A. de
100 1 _aRagoso, C.R.A.
245 1 _aCaracterizacao da performance hidraulica de dois emissores tipo microaspersor
650 _aHidraulica
650 _aIrrigacao
650 _aMicroaspersao
773 0 _tRevista Brasileira de Engenharia Agricola e Ambiental (Brazil)
_x
_g(Sep-Dec 1997), v. 1 p. 17-20
_wBR0001311
909 _a202311
_bLúcia
_c55
_dLúcia Elande
942 _2AGRIS
_n0
_cANA
999 _c163564
_d163564